Least Safest Countries For Gay People - Statistics

General Stats
  • This quiz has been taken 1,303 times
  • The average score is 11 of 20
Answer Stats
Rank Country Score % Correct
2 Iran -18
88%
2 Saudi Arabia -18
85%
5 Afghanistan -15
77%
4 Yemen -16
77%
5 United Arab Emirates -15
73%
13 Egypt -13
69%
8 Qatar -14
69%
8 Nigeria -14
65%
13 Sudan -13
64%
1 Somalia -19
63%
5 Libya -15
61%
13 Kuwait -13
55%
13 Uganda -13
41%
13 Eritrea -13
34%
13 Turkmenistan -13
34%
8 Malaysia -14
31%
13 Tanzania -13
29%
8 Cameroon -14
21%
13 Zimbabwe -13
20%
8 Malawi -14
16%
No matching quizzes found
Score Distribution
Percent of People with Each Score
Percentile by Number Answered
Your Score History
You have not taken this quiz